| 000 | 00847cam a2200205 i 4500 | ||
|---|---|---|---|
| 005 | 20260126115638.0 | ||
| 008 | 250721s2023 jo gr 000 0 ara d | ||
| 082 | 1 | 4 |
_a346.56507 _bس ح ي |
| 100 | 1 |
_aالسحيمات، سلام أحمد _eمؤلف. |
|
| 245 | 1 | 0 |
_aالعوامل المؤدية الى ظهور مشكلة المدينين : _b"التجار المتعثرين" ماليًا في المجتمع الاردني / _cالدكتورة سلام أحمد خليل السحيمات. |
| 250 | _aالطبعة الأولى. | ||
| 264 | 3 | 1 |
_aعمان : _bدار يافا للنشر والتوزيع، _c2023. |
| 300 | _a158 صفحة. | ||
| 650 | 1 | 7 | _aالقانون التجاري. |
| 650 | 1 | 7 | _aالاعسار. |
| 650 | 1 | 7 | _aالاردن. |
| 650 | 1 | 7 | _aالمدين. |
| 942 |
_2ddc _cBK |
||
| 999 |
_c146592 _d146592 |
||